Themother - daughter bond and the Journey back To the motherland infour novels by paule marshall / (رقم التسجيلة. 24757)

تفاصيل مارك
000 -LEADER
fixed length control field 014380000a22003250004500
003 - CONTROL NUMBER IDENTIFIER
control field EG-GICUC
005 - DATE AND TIME OF LATEST TRANSACTION
control field 20250223025956.0
008 - FIXED-LENGTH DATA ELEMENTS--GENERAL INFORMATION
fixed length control field 061207s2006 ua f m 000 0 eng d
040 ## - CATALOGING SOURCE
Original cataloging agency EG-GICUC
Language of cataloging eng
Transcribing agency EG-GICUC
041 0# - LANGUAGE CODE
Language code of text/sound track or separate title Eng
049 ## - LOCAL HOLDINGS (OCLC)
Holding library Deposite
097 ## - Thesis Degree
Thesis Level Ph.D
099 ## - LOCAL FREE-TEXT CALL NUMBER (OCLC)
Classification number Cai01.02.12.Ph.D.2006.Ha.M
100 0# - MAIN ENTRY--PERSONAL NAME
Personal name Hala Mohamed Kamel Amin Ayoub
245 10 - TITLE STATEMENT
Title Themother - daughter bond and the Journey back To the motherland infour novels by paule marshall /
Statement of responsibility, etc. Hala Mohamed Kamel Amin Ayoub ; Supervised Amin Yassin Elayouti
246 15 - VARYING FORM OF TITLE
Title proper/short title رابطة الام والابنة ورحلة العودة الى الوطن الام فى اربع روايات لبول مارشال
260 ## - PUBLICATION, DISTRIBUTION, ETC.
Place of publication, distribution, etc. Cairo :
Name of publisher, distributor, etc. Hala Mohamed Kamel Amin Ayoub ,
Date of publication, distribution, etc. 2006
300 ## - PHYSICAL DESCRIPTION
Extent 223P ;
Dimensions 25cm
502 ## - DISSERTATION NOTE
Dissertation note Thesis (PH.D.) - Cairo University - Faculty Of Arts - Department Of English
520 ## - SUMMARY, ETC.
Summary, etc. Marshall is a pioneer among African American women writers who examine the bond between black mother and daughter and end the long separation that has been imposed on black mothers and daughters in a racial , patriarchal society
530 ## - ADDITIONAL PHYSICAL FORM AVAILABLE NOTE
Additional physical form available note Issued also as CD
653 #4 - INDEX TERM--UNCONTROLLED
Uncontrolled term Journey Back
653 #4 - INDEX TERM--UNCONTROLLED
Uncontrolled term Paule Marshall
653 #4 - INDEX TERM--UNCONTROLLED
Uncontrolled term The Mother - Daughter Bond
700 0# - ADDED ENTRY--PERSONAL NAME
Personal name Amin Yassin Elayouti ,
Relator term
856 ## - ELECTRONIC LOCATION AND ACCESS
Uniform Resource Identifier <a href="http://172.23.153.220/th.pdf">http://172.23.153.220/th.pdf</a>
905 ## - LOCAL DATA ELEMENT E, LDE (RLIN)
Cataloger Amira
Reviser Cataloger
905 ## - LOCAL DATA ELEMENT E, LDE (RLIN)
Cataloger Esam
Reviser Revisor
942 ## - ADDED ENTRY ELEMENTS (KOHA)
Source of classification or shelving scheme Dewey Decimal Classification
Koha item type Thesis
المقتنيات
Source of classification or shelving scheme Not for loan Home library Current library Date acquired Full call number Barcode Date last seen Koha item type
Dewey Decimal Classification   المكتبة المركزبة الجديدة - جامعة القاهرة قاعة الرسائل الجامعية - الدور الاول 11.02.2024 Cai01.02.12.Ph.D.2006.Ha.M 01010110046393000 22.09.2023 Thesis
Dewey Decimal Classification   المكتبة المركزبة الجديدة - جامعة القاهرة مخـــزن الرســائل الجـــامعية - البدروم 11.02.2024 Cai01.02.12.Ph.D.2006.Ha.M 01020110046393000 22.09.2023 CD - Rom
Cairo University Libraries Portal Implemented & Customized by: Eng. M. Mohamady Contacts: new-lib@cl.cu.edu.eg | cnul@cl.cu.edu.eg
CUCL logo CNUL logo
© All rights reserved — Cairo University Libraries
CUCL logo
Implemented & Customized by: Eng. M. Mohamady Contact: new-lib@cl.cu.edu.eg © All rights reserved — New Central Library
CNUL logo
Implemented & Customized by: Eng. M. Mohamady Contact: cnul@cl.cu.edu.eg © All rights reserved — Cairo National University Library